|
|
|
|
| LEADER |
00000nab a2200000 a 4500 |
| 001 |
vtls008994216 |
| 003 |
SK-MaSNL |
| 005 |
20260304144633.0 |
| 008 |
250505c2006 xo qr|p|||||||000 b|slo |
| 015 |
|
|
|a SNBRB2007/05
|
| 035 |
|
|
|a (uuid)4b858ef0-69e1-40ba-a5b8-47b787a4bab7
|
| 035 |
|
|
|a urn:nbn:sk:snk-ab2u31
|
| 035 |
|
|
|a (urnnbn)urn:nbn:sk:snk:ar-a02y08
|
| 038 |
|
|
|a SNKBUCL
|
| 040 |
|
|
|a SNKBUCL
|b slo
|c SNKBUCL
|e AACR2
|
| 041 |
0 |
|
|a slo
|b eng
|
| 044 |
|
|
|a xo
|c SK
|
| 080 |
|
|
|a 159.922.765
|2 1997
|
| 080 |
|
|
|a 159.95
|2 1997
|
| 080 |
|
|
|a 159.923
|2 1997
|
| 100 |
1 |
|
|a Szobiová, Eva
|4 aut
|9 294794
|
| 245 |
1 |
0 |
|a Tvorivosť a osobnostné vlastnosti nadaných detí
|c Eva Szobiová, Lucia Šuplatová
|
| 300 |
|
|
|a Tab.
|
| 504 |
|
|
|a Bibliogr. odkazy
|
| 546 |
|
|
|a Res. angl.
|
| 650 |
0 |
7 |
|a kreativita
|2 snkbucl
|9 4339
|
| 650 |
0 |
7 |
|a osobnosť
|2 snkbucl
|9 4341
|
| 650 |
0 |
7 |
|a talentované deti
|2 snkbucl
|9 68989
|
| 700 |
1 |
|
|a Šuplatová, Lucia
|4 aut
|9 777326
|
| 773 |
0 |
|
|t Psychológia a patopsychológia dieťaťa
|g Roč. 41, č. 3 (2006), s. 195-208
|x 0555-5574
|
| 850 |
|
|
|a Slovenská národná knižnica
|
| 852 |
|
|
|a Slovenská národná knižnica
|
| 954 |
|
|
|a odborná, vedecká literatúra pôvodná (slovenská)
|2 lita
|
| 958 |
|
|
|a article2022
|
| 958 |
|
|
|a SK
|
| 958 |
|
|
|a NB
|
| 958 |
|
|
|a OND
|
| 958 |
|
|
|a EUIPO
|
| 999 |
|
|
|c 2932349
|d 2934279
|